| 000 | 00400nam a22001697a 4500 | ||
|---|---|---|---|
| 003 | BD-DhUIB | ||
| 005 | 20251116154607.0 | ||
| 008 | 251116b |||||||| |||| 00| 0 eng d | ||
| 040 |
_aBD-DhUIB _cBD-DhUIB |
||
| 050 | _a259.2 | ||
| 082 | _222 | ||
| 100 |
_aStuart Timothy S. _91093 |
||
| 245 | _aRaising children at promise: how ... in kins/ | ||
| 250 | _a1st ed. | ||
| 526 | _aBBA | ||
| 942 |
_2ddc _cBK |
||
| 999 |
_c673 _d673 |
||